000 00212 a2200097 4500
001 32673
100 _aBliven, B
245 _aThe world changers
260 _aLondon
_bFrederick Muller
_c
090 _c21874
_d21874
942 _aNUST-CAE
_cM
_c13196
999 _c267746
_d267746